Statistics for Regions of Mali on a Map

Click here to take the quiz!

General Stats

  • This quiz has been taken 746 times
  • The average score is 6 of 11

Answers on the Map

Answers color-coded by a green-red scale on the quiz's map according to % correct below.
 

Answer Stats

Region% Correct
Bamako
92%
Tombouctou
79%
Gao
63%
Kayes
55%
Mopti
48%
Ségou
46%
Kidal
45%
Sikasso
44%
Koulikoro
41%
Taoudénit
40%
Ménaka
35%

Score Distribution

Percentile by Number Answered

Percent of People with Each Score

Your Score History

You have not taken this quiz